LIBRARY & INFORMATION CENTRE, KCAET, TAVANUR

ONLINE PUBLIC ACCESS CATALOGUE (OPAC)

Normal view MARC view
  • Malayalam Poetry

Entry Topical Term

Number of records used in: 1

001 - CONTROL NUMBER

  • control field: 5565

003 - CONTROL NUMBER IDENTIFIER

  • control field: OSt

005 - DATE AND TIME OF LATEST TRANSACTION

  • control field: 20231102143557.0

008 - FIXED-LENGTH DATA ELEMENTS

  • fixed length control field: 231102|| aca||aabn | a|a d

040 ## - CATALOGING SOURCE

  • Original cataloging agency: OSt
  • Transcribing agency: OSt

150 ## - HEADING--TOPICAL TERM

  • Topical term or geographic name as entry element: Malayalam Poetry

670 ## - SOURCE DATA FOUND

  • Source citation: Work cat.: (OSt)17772: Ramakrishnan, KV 5564, Valmeeki, 1964.
free website counter